| 000 | 00581nam a22002177a 4500 | ||
|---|---|---|---|
| 003 | UA-OsUOA | ||
| 001 | 36362 | ||
| 007 | ta | ||
| 008 | 20060914b un ||||| |||| 00| 0 ukr d | ||
| 090 |
_a082/94(477) _bУ45 |
||
| 942 | _cBK | ||
| 040 |
_aUA-OsUOA _bukr _cUA-OsUOA _dUA-OsUOA |
||
| 245 |
_aУкраїнський визвольний рух. _b5 |
||
| 300 | _a239 с. | ||
| 955 | _a1 | ||
| 041 | _aukr | ||
| 080 | _a082/94(477) | ||
| 260 |
_aЛьвів _bВидавництво "Мс" _c2005 |
||
| 650 | 7 |
_a08 Видання. Колективні праці _2UDC |
|
| 999 |
_c434893 _d434893 |
||